| Tag |
First Indicator |
Second Indicator |
Subfields |
| LEADER |
00000pam a22000004a 4500 |
| 001 |
in00002000406 |
| 005 |
20151031125336.0 |
| 008 |
040304s2004 nju b 001 0 eng |
| 010 |
|
|
|a 2004046921
|
| 020 |
|
|
|a 0805851933 (cloth : alk. paper)
|
| 020 |
|
|
|a 0805838937 (pbk. : alk. paper)
|
| 035 |
|
|
|a (OCoLC)ocm54775098
|
| 040 |
|
|
|a DLC
|c DLC
|d UtOrBLW
|
| 042 |
|
|
|a pcc
|
| 043 |
|
|
|a n-us---
|
| 049 |
|
|
|a TXAM
|
| 050 |
0 |
0 |
|a LC4091
|b .B66 2004
|
| 082 |
0 |
0 |
|a 371.826/942/0973
|2 22
|
| 100 |
1 |
|
|a Books, Sue.
|
| 245 |
1 |
0 |
|a Poverty and schooling in the U.S. :
|b contexts and consequences /
|c Sue Books.
|
| 246 |
3 |
|
|a Poverty and schooling in the United States
|
| 264 |
|
1 |
|a Mahwah, N.J. :
|b L. Erlbaum Associates,
|c 2004.
|
| 300 |
|
|
|a xii, 174 pages ;
|c 24 cm.
|
| 336 |
|
|
|a text
|b txt
|2 rdacontent
|
| 337 |
|
|
|a unmediated
|b n
|2 rdamedia
|
| 338 |
|
|
|a volume
|b nc
|2 rdacarrier
|
| 490 |
1 |
|
|a Sociocultural, political, and historical studies in education
|
| 504 |
|
|
|a Includes bibliographical references (pages 148-164) and indexes.
|
| 650 |
|
0 |
|a Poor children
|x Education
|z United States.
|
| 650 |
|
0 |
|a Poor children
|z United States
|x Social conditions
|y 21st century.
|
| 650 |
|
0 |
|a Educational equalization
|z United States.
|
| 830 |
|
0 |
|a Sociocultural, political, and historical studies in education.
|
| 945 |
|
|
|i PromptCat
|
| 948 |
|
|
|a cataloged
|b h
|c 2004/11/8
|d c
|e eneff
|f 2:13:59 pm
|
| 994 |
|
|
|a 92
|b TXA
|
| 999 |
|
|
|a MARS
|
| 999 |
f |
f |
|s b98f3059-da40-33d5-88da-6b40943383cc
|i 3efc549c-0aca-38f1-b57c-194a40c0d4ff
|t 0
|
| 952 |
f |
f |
|p normal
|a Texas A&M University
|b College Station
|c Sterling C. Evans Library
|d Evans: Library Stacks
|t 0
|e LC4091 .B66 2004
|h Library of Congress classification
|i unmediated -- volume
|m A14831973128
|
| 998 |
f |
f |
|a LC4091 .B66 2004
|t 0
|l Evans: Library Stacks
|